| 000 | 01168nam a22002417i 4500 | ||
|---|---|---|---|
| 003 | URS | ||
| 005 | 20240416181759.0 | ||
| 008 | 200219b ||||| |||| 00| 0 eng d | ||
| 050 | 0 | 0 |
_aLG 995 _bG93 2013 |
| 100 | 1 | _aGulac, Avelina Diola | |
| 245 | 1 | 0 |
_aDevelopment and Validation of instructional Material in Grade VII Mathematics at Silangan National high School/ _cGulac, Avelina Diola |
| 260 | _c2013 | ||
| 300 |
_axiv, 82 leaves: _billustrations, _c28 cm. |
||
| 336 |
_2rdacontent _atext |
||
| 337 |
_2rdamedia _aunmediated |
||
| 338 |
_2rdacarrier _avolume |
||
| 502 |
_aGraduate Study Thesis _bMaster of Arts in Teaching major in Mathematics _cUniversity Of Rizal System _d2013 |
||
| 520 | _aThe study aimed to develop and validate Instructional Materials in Grade VII Mathematics- Statistics. The Study was Conducted at Silangan National High School, Barangay Silangan, San Mateo Rizal During The School yaer 2012-2013. | ||
| 650 | _2Instructional materials centers--Evaluation. | ||
| 650 | _2Instructional materials-Validation, Mathematics | ||
| 856 |
_3Online Request for Student Unpublished Works _uhttps://forms.gle/7LqvGGkaDrUQqz429 |
||
| 942 |
_2lcc _cT |
||
| 999 |
_c77575 _d77574 |
||